[Event "SV Letmathe 1 - LSV Turm Lippstadt 1"]
[Site "NRW-Klasse, Gruppe 2 2013/201"]
[Date "2014.02.02"]
[Round "6.4"]
[White "Oswald, Hans-Joachim"]
[Black "Wagner, Alexej"]
[Result "1/2-1/2"]
[WhiteElo "2190"]
[BlackElo "2232"]
[PlyCount "141"]
[EventDate "2014.??.??"]
[WhiteTeam "SV Letmathe 1"]
[BlackTeam "LSV Turm Lippstadt 1"]

1. Nf3 d5 2. b3 Nf6 3. Bb2 c6 4. e3 Bg4 5. d4 Nbd7 6. Nbd2 e6 7. Bd3 Bd6 8. h3
Bh5 9. c4 Qe7 10. Qc2 e5 11. dxe5 Nxe5 12. Nxe5 Bxe5 13. O-O O-O 14. Rae1 Bxb2
15. Qxb2 Rad8 16. Be2 Bxe2 17. Rxe2 Rd7 18. cxd5 Nxd5 19. Nc4 Nb4 20. Rd2 Rxd2
21. Qxd2 Rd8 22. Qb2 c5 23. a3 Nc6 24. Qc2 Qd7 25. Nb2 Qd2 26. Rc1 b6 27. Qxd2
Rxd2 28. Nc4 Rd3 29. b4 cxb4 30. axb4 Nxb4 31. Nxb6 g6 32. Nc4 Rd5 33. Ra1 Rc5
34. Nd6 Nc6 35. Ra6 Rc1+ 36. Kh2 Rc2 37. Kg3 Kg7 38. Nb5 Nb4 39. Rxa7 Nd3 40.
Rd7 Nxf2 41. Nd6 Nd1 42. Rxf7+ Kg8 43. Re7 Kf8 44. Rxh7 Nxe3 45. Rf7+ Kg8 46.
Rf2 Rxf2 47. Kxf2 Nd5 48. Kf3 Kg7 49. Ne4 Ne7 50. g4 Nc6 51. Kf4 Nd4 52. h4 Nc6
53. Nd2 Kf6 54. Nf3 Nb4 55. g5+ Kg7 56. Ke5 Nd3+ 57. Ke6 Nf4+ 58. Ke7 Nd5+ 59.
Kd6 Nf4 60. Ke5 Nd3+ 61. Ke4 Nc5+ 62. Kd5 Nd3 63. Ne5 Nf4+ 64. Kd6 Ng2 65. Nf3
Nf4 66. Kd7 Kf7 67. Ne5+ Kg7 68. Ke8 Ng2 69. Nf3 Nf4 70. Nd4 Ng2 71. Nf3
1/2-1/2

[Event "SV Letmathe 1 - LSV Turm Lippstadt 1"]
[Site "NRW-Klasse, Gruppe 2 2013/201"]
[Date "2014.02.02"]
[Round "6.5"]
[White "Roemhild, Marcus"]
[Black "Gruermann, Martin"]
[Result "1/2-1/2"]
[WhiteElo "2010"]
[BlackElo "2110"]
[PlyCount "96"]
[EventDate "2014.??.??"]
[WhiteTeam "LSV Turm Lippstadt 1"]
[BlackTeam "SV Letmathe 1"]

1. e4 c5 2. Nc3 a6 3. g3 b5 4. Bg2 Bb7 5. d3 e6 6. Nf3 Nf6 7. O-O d6 8. Re1
Nbd7 9. Bf4 Be7 10. e5 dxe5 11. Nxe5 Bxg2 12. Kxg2 Nxe5 13. Bxe5 O-O 14. Qf3
Qd7 15. Rad1 Rad8 16. d4 cxd4 17. Rxd4 Qc8 18. Re2 Rxd4 19. Bxd4 Qa8 20. a3
Qxf3+ 21. Kxf3 Rd8 22. Be3 Nd7 23. Bf4 g5 24. Bc7 Rc8 25. Ba5 Bf6 26. Kg2 Nc5
27. Nd1 Nb7 28. Bc3 Bxc3 29. Nxc3 Nd6 30. Nb1 Nc4 31. b3 Nb6 32. c3 Nd5 33. Rc2
g4 34. c4 Kf8 35. Nd2 f5 36. h3 h5 37. Rc1 Ke7 38. hxg4 hxg4 39. Kf1 Rc7 40.
Ke2 Kd6 41. Rh1 Nf6 42. Ke3 bxc4 43. Nxc4+ Ke7 44. Rh8 Rd7 45. Ra8 Nd5+ 46. Ke2
Nc3+ 47. Ke3 Nd5+ 48. Ke2 Nc3+ 1/2-1/2

[Event "SV Letmathe 1 - LSV Turm Lippstadt 1"]
[Site "NRW-Klasse, Gruppe 2 2013/201"]
[Date "2014.02.02"]
[Round "6.6"]
[White "Haude, Ruediger"]
[Black "Grobbel, Rainer"]
[Result "0-1"]
[WhiteElo "2030"]
[BlackElo "2089"]
[PlyCount "112"]
[EventDate "2014.??.??"]
[WhiteTeam "SV Letmathe 1"]
[BlackTeam "LSV Turm Lippstadt 1"]

1. d4 d5 2. Nf3 Nf6 3. g3 e6 4. Bg2 c5 5. O-O Nc6 6. c4 cxd4 7. Nxd4 Qb6 8. Nb5
a6 9. cxd5 exd5 10. N5c3 d4 11. Nd5 Nxd5 12. Bxd5 Bh3 13. Re1 Bc5 14. Nd2 Rd8
15. Nc4 Qc7 16. e4 Bb4 17. Bf4 Qd7 18. Qh5 O-O 19. f3 Be6 20. Nb6 Qe7 21. Rec1
g6 22. Qh6 Ba5 23. Bxe6 Qxe6 24. Nd5 Rxd5 25. exd5 Qxd5 26. Kg2 Re8 27. Rf1 d3
28. Be3 Qe5 29. Bd2 Qxb2 30. Rad1 Qxa2 31. Rf2 Qb3 32. Bxa5 Qxd1 33. Bc3 Ne5
34. f4 Qc1 35. Bd2 Qc6+ 36. Kh3 Qd7+ 37. f5 gxf5 38. Qg5+ Ng6 39. Rxf5 h6 40.
Qh5 Re5 41. g4 Qe6 42. Rxe5 Qxe5 43. Qxh6 a5 44. Kg2 a4 45. h4 a3 46. h5 Nf8
47. Bb4 Qe4+ 48. Kg3 Qxb4 49. Qg5+ Ng6 50. Qd8+ Kg7 51. hxg6 d2 52. gxf7 Kxf7
53. Qd7+ Kf6 54. Qd8+ Ke5 55. Qd3 Qd6 56. Qe3+ Kd5+ 0-1

[Event "SV Letmathe 1 - LSV Turm Lippstadt 1"]
[Site "NRW-Klasse, Gruppe 2 2013/201"]
[Date "2014.02.02"]
[Round "6.7"]
[White "Chapman, Alan John"]
[Black "Hunold, Rolf"]
[Result "1-0"]
[WhiteElo "2007"]
[BlackElo "1950"]
[PlyCount "61"]
[EventDate "2014.??.??"]
[WhiteTeam "LSV Turm Lippstadt 1"]
[BlackTeam "SV Letmathe 1"]

1. d4 Nf6 2. Nf3 e6 3. c4 b6 4. g3 Bb7 5. Bg2 Bb4+ 6. Bd2 Qe7 7. O-O Bxd2 8.
Nbxd2 O-O 9. Qc2 d6 10. e4 e5 11. Nh4 g6 12. f4 Nc6 13. Ndf3 exd4 14. e5 Ng4
15. Rae1 Ne3 16. Rxe3 dxe3 17. exd6 cxd6 18. Qc3 Rae8 19. Re1 f6 20. f5 g5 21.
Nxg5 fxg5 22. Bd5+ Rf7 23. f6 Qd7 24. Bxf7+ Kxf7 25. Qd3 Kf8 26. f7 Kxf7 27.
Qxh7+ Ke6 28. Qg6+ Ke7 29. Qxg5+ Ke6 30. Rf1 Ne5 31. Qf6# 1-0

[Event "SV Letmathe 1 - LSV Turm Lippstadt 1"]
[Site "NRW-Klasse, Gruppe 2 2013/201"]
[Date "2014.02.02"]
[Round "6.8"]
[White "Weyrauch, Erich"]
[Black "Kuehler, Andreas"]
[Result "1-0"]
[WhiteElo "2013"]
[BlackElo "1860"]
[PlyCount "111"]
[EventDate "2014.??.??"]
[WhiteTeam "SV Letmathe 1"]
[BlackTeam "LSV Turm Lippstadt 1"]

1. e4 e5 2. Bc4 Nf6 3. d3 c6 4. Nf3 d5 5. exd5 cxd5 6. Bb3 Nc6 7. O-O Be7 8.
Bg5 O-O 9. Nbd2 Re8 10. Re1 Qd6 11. c4 d4 12. Bxf6 Bxf6 13. Ne4 Qd8 14. Ba4 Bf5
15. b4 Re7 16. a3 Qc7 17. Qd2 Bxe4 18. Rxe4 g6 19. Rae1 Bg7 20. Bxc6 bxc6 21.
Nxd4 f5 22. R4e2 Rd8 23. Nb3 e4 24. Nc1 Red7 25. g3 h6 26. Rd1 exd3 27. Re3 Bd4
28. Rxd3 c5 29. Qxh6 Rh7 30. Qf4 Qe7 31. bxc5 g5 32. Qf3 g4 33. Qe2 Qxc5 34.
Rxd4 Rxd4 35. Qe6+ Kg7 36. Nd3 Qd6 37. Qxf5 Rh6 38. c5 Qd7 39. Qe5+ Rf6 40. c6
Qd6 41. Qg5+ Rg6 42. Qb5 Qxc6 43. Qe5+ Qf6 44. Qc7+ Kh6 45. Qc1+ Kh7 46. Nf4
Rxd1+ 47. Qxd1 Rg8 48. Qd7+ Rg7 49. Qd3+ Kh6 50. h3 gxh3 51. Nxh3 Qg6 52. Qe3+
Kh7 53. Nf4 Qb1+ 54. Kh2 Kh8 55. Nh5 Qh7 56. Qe8+ 1-0

[Event "SK Holsterhausen 1 - SG Solingen 3"]
[Site "NRW-Klasse, Gruppe 2 2013/201"]
[Date "2014.02.02"]
[Round "6.1"]
[White "Kniest, Oliver"]
[Black "Bee, Marcus"]
[Result "1-0"]
[WhiteElo "2257"]
[BlackElo "2218"]
[Annotator "Doe,John"]
[PlyCount "121"]
[EventDate "2014.??.??"]
[WhiteTeam "SG Solingen 3"]
[BlackTeam "SK Holsterhausen 1"]

1. d4 d6 2. c4 e5 3. d5 f5 4. e4 Be7 5. Nc3 Nf6 6. exf5 Bxf5 7. Nge2 O-O 8. Ng3
Bg4 9. f3 Bd7 10. Bd3 Na6 11. Be3 Nc5 12. Bc2 a5 13. a3 Ne8 14. b4 axb4 15.
axb4 Rxa1 16. Qxa1 Na6 17. Qb1 g6 18. O-O Bg5 19. Bf2 Ng7 20. c5 Nb8 21. Nge4
Be7 22. Qa2 Kh8 23. Qa5 Bf5 24. Rd1 Ne8 25. Ba4 Bd7 26. Nb5 Bxb5 27. Qxb5 Qc8
28. Be3 c6 29. Qc4 cxd5 30. Qxd5 Nc7 31. Qd2 d5 $11 32. Bg5 Bxg5 33. Nxg5 Nc6
34. b5 Nd4 35. Qe3 Rf5 36. Nf7+ Rxf7 37. Qxe5+ Kg8 38. Qxd4 Ne6 39. Qxd5 Qxc5+
40. Qxc5 Nxc5 41. Bc2 Rf4 42. Rd5 Rc4 43. Bd3 Rc1+ 44. Kf2 Kf7 45. Be2 Ke6 46.
Rd8 Rc2 47. Ke3 Nb3 48. f4 Rb2 49. Bc4+ Ke7 50. Rh8 h5 51. Rh7+ Kd6 52. Rg7 Kc5
53. Bxb3 Rxb3+ 54. Ke4 Rxb5 55. Rxg6 Rb2 56. f5 Rf2 57. Ke5 b5 58. f6 b4 59.
Rg3 Re2+ 60. Kf5 b3 61. f7 1-0

[Event "SK Holsterhausen 1 - SG Solingen 3"]
[Site "NRW-Klasse, Gruppe 2 2013/201"]
[Date "2014.02.02"]
[Round "6.2"]
[White "Schwalen, Peter"]
[Black "Hobusch, Jan"]
[Result "1/2-1/2"]
[WhiteElo "2077"]
[BlackElo "2077"]
[PlyCount "101"]
[EventDate "2014.??.??"]
[WhiteTeam "SK Holsterhausen 1"]
[BlackTeam "SG Solingen 3"]

1. e4 c6 2. Nc3 d5 3. Nf3 Bg4 4. h3 Bxf3 5. Qxf3 e6 6. a3 Nf6 7. d3 Nbd7 8. g3
Bd6 9. Bg2 Qc7 10. Qe2 O-O 11. O-O a6 12. Re1 b5 13. d4 dxe4 14. Nxe4 Nxe4 15.
Bxe4 Nf6 16. Bg2 Rac8 17. c3 Nd5 18. a4 Qd7 19. Bd2 Rfe8 20. Kh2 Ra8 21. Qd3
Be7 22. Ra2 Qb7 23. axb5 axb5 24. Rea1 Rxa2 25. Rxa2 Ra8 26. Qb1 Rxa2 27. Qxa2
h6 28. Qa5 Kf8 29. h4 Ke8 30. b3 Bd8 31. Qa1 Bf6 32. f4 h5 33. c4 bxc4 34. bxc4
Ne7 35. Bc3 Qc8 36. Bb4 Nf5 37. Bc5 Be7 38. Qa4 Bxc5 39. Bxc6+ Kf8 40. dxc5 Nd4
41. Qa8 Qxa8 42. Bxa8 Ke7 43. Kg2 Nb3 44. Bf3 g6 45. g4 hxg4 46. Bxg4 Nxc5 47.
h5 Nd3 48. Kg3 gxh5 49. Bxh5 f6 50. Be2 Nc1 51. Bh5 1/2-1/2

[Event "SK Holsterhausen 1 - SG Solingen 3"]
[Site "NRW-Klasse, Gruppe 2 2013/201"]
[Date "2014.02.02"]
[Round "6.3"]
[White "Neumair, Jerome"]
[Black "Walbaum, Klaus"]
[Result "1-0"]
[WhiteElo "2107"]
[BlackElo "2144"]
[Annotator "Doe,John"]
[PlyCount "99"]
[EventDate "2014.??.??"]
[WhiteTeam "SG Solingen 3"]
[BlackTeam "SK Holsterhausen 1"]

1. d4 Nf6 2. c4 e6 3. Nc3 Bb4 4. f3 O-O 5. a3 Bxc3+ 6. bxc3 d5 7. cxd5 exd5 8.
e3 Re8 9. Bd3 c5 10. Ne2 b6 11. O-O Ba6 12. Bxa6 Nxa6 13. Qd3 Nc7 14. Ng3 Ne6
$11 15. Bb2 Qd7 16. Rad1 Rad8 17. Rfe1 Qb7 18. Qf5 Qe7 19. Qb1 Qb7 20. e4 cxd4
21. cxd4 b5 22. e5 Nd7 23. Nf5 Qb6 24. Kh1 Ndf8 25. Nd6 Rxd6 26. exd6 Qxd6 27.
Qc2 Rd8 28. Qe2 a6 29. Qe5 Qb6 30. g3 Qb7 31. Bc3 Nd7 32. Qf5 g6 33. Qd3 Rc8
34. Bb4 Rc4 35. Qe3 Qb6 36. Rc1 Qxd4 37. Qxd4 Rxd4 38. Rc8+ Kg7 39. Bc3 Nf6 40.
Bxd4 Nxd4 41. Kg2 a5 42. Re7 Nf5 43. Ra7 b4 44. Rxa5 bxa3 45. Rxa3 Nd6 46. Rd8
Nb7 47. Rb8 Nd6 48. Ra7 Nfe8 49. Ra6 h5 50. Rd8 1-0

[Event "SK Holsterhausen 1 - SG Solingen 3"]
[Site "NRW-Klasse, Gruppe 2 2013/201"]
[Date "2014.02.02"]
[Round "6.4"]
[White "Khasin, Abram"]
[Black "Auer, Martin"]
[Result "1-0"]
[WhiteElo "2144"]
[BlackElo "2140"]
[PlyCount "83"]
[EventDate "2014.??.??"]
[WhiteTeam "SK Holsterhausen 1"]
[BlackTeam "SG Solingen 3"]

1. Nf3 g6 2. e4 Bg7 3. d4 d6 4. Nc3 a6 5. a4 b6 6. Bc4 e6 7. Bg5 Ne7 8. Qd2 h6
9. Bh4 Nd7 10. O-O g5 11. Bg3 Ng6 12. h3 O-O 13. Rad1 Bb7 14. Rfe1 Nf6 15. Nh2
Nh5 16. Nf1 Nxg3 17. Nxg3 c5 18. d5 Bxc3 19. Qxc3 e5 20. Be2 Bc8 21. Bg4 Nh4
22. b3 f5 23. exf5 Bxf5 24. Nxf5 Nxf5 25. Qd3 Ng7 26. Rd2 Rf6 27. c3 Qe8 28.
Bd1 Ra7 29. b4 Qc8 30. Bg4 Qc7 31. g3 h5 32. Bd1 Qc8 33. Qe3 Rg6 34. Bc2 Nf5
35. Qf3 Rf7 36. Qxh5 Rgg7 37. b5 axb5 38. axb5 Nh4 39. Be4 Qxh3 40. Ra2 Rf8 41.
Rea1 Qd7 42. Ra7 1-0

[Event "SK Holsterhausen 1 - SG Solingen 3"]
[Site "NRW-Klasse, Gruppe 2 2013/201"]
[Date "2014.02.02"]
[Round "6.5"]
[White "Blasek, Ralph"]
[Black "Dergatschova-Daus, Anna"]
[Result "1-0"]
[WhiteElo "2138"]
[BlackElo "2197"]
[PlyCount "63"]
[EventDate "2014.??.??"]
[WhiteTeam "SG Solingen 3"]
[BlackTeam "SK Holsterhausen 1"]

1. e4 c5 2. Nf3 e6 3. c3 Nf6 4. Bd3 c4 5. Bc2 Bc5 6. O-O Nc6 7. b4 Bb6 8. Qe2
O-O 9. e5 Ne8 10. Na3 d5 11. exd6 Nxd6 12. Nxc4 Nxc4 13. Qxc4 f5 14. d4 Qc7 15.
Bb3 a5 16. b5 a4 17. Ba3 axb3 18. axb3 Rxa3 19. Rxa3 Ne7 20. Qd3 Nd5 21. c4 Nb4
22. Qc3 Ba5 23. Rxa5 Qxa5 24. Ra1 Qc7 25. Qxb4 Rd8 26. h4 h6 27. Re1 Qf4 28.
Qe7 Rf8 29. Re3 Rf7 30. Qc5 Rf8 31. Ne5 Re8 32. g3 1-0

[Event "SK Holsterhausen 1 - SG Solingen 3"]
[Site "NRW-Klasse, Gruppe 2 2013/201"]
[Date "2014.02.02"]
[Round "6.6"]
[White "Bobzin, Pierre"]
[Black "Zolfagharian, Kevin"]
[Result "1/2-1/2"]
[WhiteElo "2067"]
[BlackElo "2085"]
[PlyCount "86"]
[EventDate "2014.??.??"]
[WhiteTeam "SK Holsterhausen 1"]
[BlackTeam "SG Solingen 3"]

1. Nf3 d5 2. g3 Nc6 3. Bg2 e5 4. d3 Nf6 5. O-O Be7 6. Nbd2 Bf5 7. Nh4 Be6 8. e4
Qd7 9. c3 O-O-O 10. Qa4 Bh3 11. b4 Bxg2 12. Kxg2 dxe4 13. dxe4 Qd3 14. b5 Nb8
15. Nf5 Bf8 16. Qc4 g6 17. Ne3 Qd7 18. Nf3 Bd6 19. Rd1 Qe7 20. a4 Nbd7 21. a5
Kb8 22. Ng5 Rdf8 23. b6 cxb6 24. Rxd6 Qxd6 25. Nxf7 Rxf7 26. Qxf7 Nxe4 27. Qd5
Qxd5 28. Nxd5 Rc8 29. axb6 Nxb6 30. Nxb6 axb6 31. f4 Rxc3 32. fxe5 Kc7 33. Bh6
b5 34. Re1 Nc5 35. e6 Kd8 36. Bg5+ Ke8 37. e7 Nd7 38. h4 b4 39. Ra1 Rc8 40. Rb1
Rc4 41. Ra1 Rc8 42. Rb1 Rc4 43. Ra1 Rc8 1/2-1/2

[Event "SK Holsterhausen 1 - SG Solingen 3"]
[Site "NRW-Klasse, Gruppe 2 2013/201"]
[Date "2014.02.02"]
[Round "6.7"]
[White "Peschel, Andreas"]
[Black "Sicars, Thorsten"]
[Result "1/2-1/2"]
[WhiteElo "2053"]
[BlackElo "1945"]
[Annotator "Doe,John"]
[PlyCount "121"]
[EventDate "2014.??.??"]
[WhiteTeam "SG Solingen 3"]
[BlackTeam "SK Holsterhausen 1"]

1. d4 c6 2. c4 d5 3. Nf3 Nf6 4. cxd5 cxd5 5. Nc3 Nc6 6. Bf4 a6 7. Rc1 Bf5 8. e3
e6 9. Be2 Bd6 10. O-O h6 11. Ne5 Bxe5 12. Bxe5 Nxe5 13. dxe5 Nd7 14. Qd4 O-O
$11 15. e4 dxe4 16. Nxe4 Bxe4 17. Qxe4 Qa5 18. f4 Rfd8 19. Bd3 Nf8 20. Bc4 Qb6+
21. Kh1 Rd4 22. Qe3 Rad8 23. Bb3 Qb4 24. h3 Rd3 25. Qe1 Qd4 26. Rd1 Qxb2 27.
Rxd3 Rxd3 28. f5 Qc3 29. fxe6 Nxe6 30. Qf2 Rd7 31. Bxe6 fxe6 32. Qf8+ Kh7 33.
Qe8 Qc6 34. Rf8 Rd1+ 35. Kh2 Qxe8 36. Rxe8 Ra1 37. Rxe6 Rxa2 38. Rb6 Re2 39. e6
a5 40. Kg3 Kg6 41. Kf4 Kf6 42. Rxb7 Rxg2 43. e7 Kf7 44. Ra7 Rg5 45. h4 Rh5 46.
Kg4 Rb5 47. e8=Q+ Kxe8 48. Rxg7 h5+ 49. Kf4 Kd8 50. Ra7 Kc8 51. Rg7 Rb4+ 52.
Kg3 a4 53. Ra7 Kb8 54. Ra5 Kb7 55. Rxh5 Kb6 56. Rf5 a3 57. Rf1 a2 58. Ra1 Ra4
59. h5 Kb5 60. h6 Ra7 61. h7 1/2-1/2

[Event "SK Holsterhausen 1 - SG Solingen 3"]
[Site "NRW-Klasse, Gruppe 2 2013/201"]
[Date "2014.02.02"]
[Round "6.8"]
[White "Kortenbusch, Christoph"]
[Black "Pfeiffer, Michael"]
[Result "1-0"]
[WhiteElo "2022"]
[BlackElo "1881"]
[PlyCount "35"]
[EventDate "2014.??.??"]
[WhiteTeam "SK Holsterhausen 1"]
[BlackTeam "SG Solingen 3"]

1. e4 c5 2. Nc3 Nc6 3. Bb5 Nd4 4. Bc4 g6 5. Nf3 Bg7 6. Nxd4 cxd4 7. Qf3 e6 8.
Nb5 Qb6 9. Qf4 Qc5 10. Nc7+ Kf8 11. b4 Qxc4 12. Nxa8 d3 13. c3 e5 14. Qe3 b6
15. O-O Bh6 16. Nxb6 axb6 17. Qxb6 Nf6 18. Qxf6 1-0

[Event "LSV Turm Lippstadt 1 - SC Hansa Dortmun"]
[Site "NRW-Klasse, Gruppe 2 2013/201"]
[Date "2014.03.09"]
[Round "7.1"]
[White "Kotter, Ralf"]
[Black "Wehmeier, Stefan"]
[Result "0-1"]
[WhiteElo "2293"]
[BlackElo "2411"]
[PlyCount "90"]
[EventDate "2014.??.??"]
[WhiteTeam "SC Hansa Dortmund 2"]
[BlackTeam "LSV Turm Lippstadt 1"]

1. e4 e5 2. Nf3 Nc6 3. Bc4 Bc5 4. c3 Nf6 5. d3 d6 6. Bb3 O-O 7. O-O Ne7 8. h3
Ng6 9. Be3 Bb6 10. Nbd2 Nh5 11. Nc4 Nhf4 12. Nxb6 axb6 13. Kh2 Kh8 14. Ng1 f5
15. g3 Ne6 16. exf5 Rxf5 17. d4 exd4 18. cxd4 d5 19. Bc2 Rf6 20. f4 Ne7 21. f5
Nf8 22. Bg5 Rf7 23. f6 gxf6 24. Rxf6 Rxf6 25. Bxf6+ Kg8 26. Qh5 Qd7 27. Qh6
Neg6 28. h4 Qf7 29. Rf1 Rxa2 30. Be5 Nxe5 31. Qg5+ Qg7 32. dxe5 Qxg5 33. hxg5
Rxb2 34. Rf2 Bf5 35. Rxf5 Rxc2+ 36. Kh3 d4 37. Nf3 d3 38. Rf4 c5 39. Rf6 b5 40.
Rd6 c4 41. Kg4 Re2 42. Kf5 b4 43. Nh4 b3 44. Kf6 b2 45. Nf5 Rf2 0-1

[Event "LSV Turm Lippstadt 1 - SC Hansa Dortmun"]
[Site "NRW-Klasse, Gruppe 2 2013/201"]
[Date "2014.03.09"]
[Round "7.2"]
[White "Matthias, Heiner"]
[Black "Ackermann, Hans Werner"]
[Result "1-0"]
[WhiteElo "2311"]
[BlackElo "2214"]
[PlyCount "103"]
[EventDate "2014.??.??"]
[WhiteTeam "LSV Turm Lippstadt 1"]
[BlackTeam "SC Hansa Dortmund 2"]

1. d4 Nf6 2. c4 b6 3. Nc3 Bb7 4. Bg5 e6 5. e4 h6 6. Bxf6 Qxf6 7. a3 Qd8 8. Bd3
d6 9. f4 c5 10. d5 exd5 11. cxd5 Be7 12. Nf3 O-O 13. O-O a6 14. Rc1 Nd7 15. Kh1
Re8 16. Bb1 Bf6 17. Qd3 Nf8 18. Rce1 Bxc3 19. bxc3 b5 20. Rd1 Qe7 21. c4 bxc4
22. Qxc4 a5 23. Qc3 Bc8 24. Nd2 Ba6 25. Rfe1 Qh4 26. g3 Qh5 27. Bd3 Bxd3 28.
Qxd3 Nd7 29. Kg2 Nf6 30. h3 Rab8 31. Qf3 Qg6 32. e5 dxe5 33. fxe5 Nd7 34. Nc4
Qc2+ 35. Qe2 Qc3 36. Qd3 Rb3 37. Qxc3 Rxc3 38. e6 fxe6 39. dxe6 Nf6 40. Nd6 Rb8
41. Rd2 Rbb3 42. Nf5 Rd3 43. Rxd3 Rxd3 44. Re5 g6 45. Ne7+ Kg7 46. Rxc5 Rxg3+
47. Kxg3 Ne4+ 48. Kf4 Nxc5 49. Ke5 Nd3+ 50. Kd6 Nb2 51. Nc6 Nc4+ 52. Kd7 1-0

[Event "LSV Turm Lippstadt 1 - SC Hansa Dortmun"]
[Site "NRW-Klasse, Gruppe 2 2013/201"]
[Date "2014.03.09"]
[Round "7.4"]
[White "Wagner, Alexej"]
[Black "Sundorf, Jannik"]
[Result "1-0"]
[WhiteElo "2232"]
[BlackElo "2120"]
[PlyCount "71"]
[EventDate "2014.??.??"]
[WhiteTeam "LSV Turm Lippstadt 1"]
[BlackTeam "SC Hansa Dortmund 2"]

1. d4 Nf6 2. c4 e6 3. Nc3 Bb4 4. Qc2 O-O 5. e4 d5 6. e5 Ne4 7. Bd3 c5 8. Nf3
cxd4 9. Nxd4 Nd7 10. Bxe4 dxe4 11. Qxe4 Qa5 12. O-O Bxc3 13. bxc3 Qxe5 14. Qh4
Nf6 15. Ba3 Re8 16. Nb5 Bd7 17. Rfe1 Qf5 18. Nd6 Qa5 19. Nxe8 Bxe8 20. Bb4 Qc7
21. Qd4 Bc6 22. Rad1 Ne8 23. Re3 Ba4 24. Rd2 Bc6 25. h3 Ba4 26. Rg3 Bc6 27. Qc5
h6 28. Qf8+ Kh7 29. Rxg7+ Nxg7 30. Qxa8 Qe5 31. Qd8 Qe1+ 32. Kh2 Bd5 33. Rd3
Bxc4 34. Rg3 Qxf2 35. Qf8 Qf6 36. Be7 1-0

[Event "LSV Turm Lippstadt 1 - SC Hansa Dortmun"]
[Site "NRW-Klasse, Gruppe 2 2013/201"]
[Date "2014.03.09"]
[Round "7.5"]
[White "Rempel, Eugen"]
[Black "Roemhild, Marcus"]
[Result "0-1"]
[WhiteElo "2153"]
[BlackElo "2010"]
[Annotator "Doe,John"]
[PlyCount "79"]
[EventDate "2014.??.??"]
[WhiteTeam "SC Hansa Dortmund 2"]
[BlackTeam "LSV Turm Lippstadt 1"]

1. e4 c5 2. Nc3 g6 3. Nge2 Bg7 4. d4 cxd4 5. Nxd4 Nc6 6. Be3 Nf6 7. Bc4 O-O 8.
Bb3 a5 9. f3 d5 10. exd5 Nb4 11. O-O Nbxd5 12. Nxd5 Nxd5 13. Bf2 a4 14. Bc4 Nb4
15. c3 Nc6 16. Nxc6 bxc6 17. Bc5 Qc7 18. Qe2 Re8 19. Rfe1 Bf6 20. Rad1 Bb7 21.
Bxf7+ Kxf7 22. Qe6+ Kg7 23. Rd7 Qc8 24. Bxe7 Rxe7 25. Rxe7+ Bxe7 26. Qxe7+ Kg8
27. Rd1 Qe8 28. Qxb7 Rb8 29. Qc7 Qe3+ 30. Kh1 Re8 31. h3 a3 32. bxa3 Qxc3 33.
Rd7 Re1+ 34. Kh2 Qe5+ $11 35. f4 Qxc7 36. Rxc7 Rc1 37. Kg3 Rc3+ 38. Kg4 Rxa3
39. Kg5 Ra5+ 40. Kf6 {ZÜ} 0-1

[Event "LSV Turm Lippstadt 1 - SC Hansa Dortmun"]
[Site "NRW-Klasse, Gruppe 2 2013/201"]
[Date "2014.03.09"]
[Round "7.6"]
[White "Grobbel, Rainer"]
[Black "Prueske, Wolfgang"]
[Result "1/2-1/2"]
[WhiteElo "2089"]
[BlackElo "2063"]
[PlyCount "67"]
[EventDate "2014.??.??"]
[WhiteTeam "LSV Turm Lippstadt 1"]
[BlackTeam "SC Hansa Dortmund 2"]

1. d4 d5 2. c4 Nc6 3. Nc3 dxc4 4. d5 Ne5 5. Nf3 Nxf3+ 6. exf3 e6 7. Bxc4 c6 8.
dxc6 Qxd1+ 9. Kxd1 bxc6 10. Be3 Nf6 11. Ke2 Be7 12. Rhd1 Nd5 13. Bd4 O-O 14. g3
Rb8 15. b3 Rb7 16. Rac1 Ba3 17. Rc2 Rd7 18. Nb1 Be7 19. a3 Rfd8 20. Rcd2 Bf8
21. f4 g6 22. b4 Bg7 23. Bxg7 Kxg7 24. Rc1 Bb7 25. Rdc2 Nb6 26. Bb3 Ba6+ 27.
Ke1 Rd4 28. f3 Bb5 29. Rd2 Rxd2 30. Nxd2 Rd3 31. Rc2 Re3+ 32. Kf2 Re2+ 33. Kg1
Re1+ 34. Kf2 1/2-1/2

[Event "LSV Turm Lippstadt 1 - SC Hansa Dortmun"]
[Site "NRW-Klasse, Gruppe 2 2013/201"]
[Date "2014.03.09"]
[Round "7.7"]
[White "Linker, Walter"]
[Black "Kuckling, Hannah"]
[Result "1-0"]
[WhiteElo "2056"]
[BlackElo "1991"]
[PlyCount "41"]
[EventDate "2014.??.??"]
[WhiteTeam "SC Hansa Dortmund 2"]
[BlackTeam "LSV Turm Lippstadt 1"]

1. f4 d5 2. Nf3 Nf6 3. e3 g6 4. b3 Bg7 5. Bb2 O-O 6. Be2 c5 7. O-O Nc6 8. Ne5
Nxe5 9. Bxe5 Bd7 10. d3 Bc6 11. Nd2 b5 12. Bf3 Qd7 13. Qe1 Rac8 14. Qh4 c4 15.
Be2 cxd3 16. cxd3 b4 17. Nf3 Ng4 18. Ng5 h5 19. Bxg7 Kxg7 20. f5 gxf5 21. Bxg4
1-0

[Event "LSV Turm Lippstadt 1 - SC Hansa Dortmun"]
[Site "NRW-Klasse, Gruppe 2 2013/201"]
[Date "2014.03.09"]
[Round "7.8"]
[White "Chapman, Alan John"]
[Black "Majdpour, Pouya"]
[Result "1-0"]
[WhiteElo "2007"]
[BlackElo "1705"]
[PlyCount "81"]
[EventDate "2014.??.??"]
[WhiteTeam "LSV Turm Lippstadt 1"]
[BlackTeam "SC Hansa Dortmund 2"]

1. d4 d5 2. c4 c6 3. Nf3 Nf6 4. g3 dxc4 5. Bg2 Bf5 6. O-O h6 7. a4 e6 8. Nc3
Be7 9. Ne5 O-O 10. e4 Bh7 11. Nxc4 Na6 12. Bf4 Rc8 13. Qb3 Nb4 14. Be5 b6 15.
h3 Qd7 16. Rad1 Rfd8 17. Rfe1 Qe8 18. Bxf6 gxf6 19. Ne3 Qf8 20. f4 Qg7 21. Kh2
Bf8 22. f5 exf5 23. exf5 h5 24. Bf3 Qh6 25. Ne4 Kg7 26. Bxh5 Qxh5 27. g4 Qh6
28. g5 fxg5 29. Ng4 Bd6+ 30. Kg2 Qh4 31. Nxd6 Rxd6 32. Qxb4 Rcd8 33. f6+ Kg8
34. Re5 Bg6 35. Qc3 c5 36. d5 R8d7 37. Qe3 Kh7 38. Rxg5 Re6 39. dxe6 Rxd1 40.
exf7 Re1 41. f8=Q 1-0

[Event "Herforder SV Königsspringer 1 - SK Hols"]
[Site "NRW-Klasse, Gruppe 2 2013/201"]
[Date "2014.03.09"]
[Round "7.1"]
[White "Bee, Marcus"]
[Black "Wolf, Andre"]
[Result "1-0"]
[WhiteElo "2214"]
[BlackElo "2143"]
[PlyCount "89"]
[EventDate "2014.??.??"]
[WhiteTeam "SK Holsterhausen 1"]
[BlackTeam "Herforder SV Königsspringer 1"]

1. g3 d5 2. Nf3 Nf6 3. c4 d4 4. d3 Nc6 5. Bg2 e5 6. O-O a5 7. Na3 Be7 8. Nc2
O-O 9. b3 Re8 10. e3 dxe3 11. Nxe3 Bc5 12. Bb2 Nd4 13. a3 c6 14. Re1 Nxf3+ 15.
Bxf3 Bd4 16. Bxd4 exd4 17. Nc2 Bf5 18. Rxe8+ Nxe8 19. Qd2 Qf6 20. Re1 Nc7 21.
b4 axb4 22. Qxb4 Be6 23. Be4 Bc8 24. Bg2 Ne6 25. Qd6 h6 26. h4 Kh7 27. h5 Ng5
28. Qxf6 gxf6 29. Re8 Ne6 30. f4 Kg7 31. Bh3 b5 32. cxb5 cxb5 33. Bxe6 fxe6 34.
Nxd4 Kf7 35. Rh8 Rxa3 36. Rxc8 Rxd3 37. Rc7+ Ke8 38. Ne2 Rd5 39. g4 f5 40. g5
hxg5 41. fxg5 f4 42. h6 Rxg5+ 43. Kf2 Rh5 44. h7 Kf8 45. Nxf4 1-0

[Event "Herforder SV Königsspringer 1 - SK Hols"]
[Site "NRW-Klasse, Gruppe 2 2013/201"]
[Date "2014.03.09"]
[Round "7.2"]
[White "Peist, Juergen"]
[Black "Schwalen, Peter"]
[Result "1-0"]
[WhiteElo "2237"]
[BlackElo "2063"]
[PlyCount "65"]
[EventDate "2014.??.??"]
[WhiteTeam "Herforder SV Königsspringer 1"]
[BlackTeam "SK Holsterhausen 1"]

1. Nf3 Nf6 2. c4 c6 3. Nc3 d5 4. e3 e6 5. d4 Nbd7 6. Qc2 Bd6 7. Bd2 Qe7 8.
O-O-O O-O 9. e4 Nxe4 10. Nxe4 dxe4 11. Qxe4 Nf6 12. Qh4 Ne8 13. Bg5 f6 14. Bd3
g6 15. Bh6 Ng7 16. Rhe1 Re8 17. Bf4 Bb4 18. Re2 Qf7 19. g4 e5 20. Bh6 e4 21.
Rxe4 Rxe4 22. Bxe4 Qxc4+ 23. Bc2 Nf5 24. Qxf6 Nxh6 25. Ne5 Qxa2 26. Nxg6 Nf7
27. Nf4 Bf8 28. Rd3 Qa1+ 29. Bb1 Bg7 30. Qe7 Qa5 31. Qe8+ Bf8 32. Re3 Nd6 33.
Bxh7+ 1-0